Guess the brand by its logo - Statistics

General Stats
  • This quiz has been taken 178 times
  • The average score is 11 of 16
Answer Stats
Picture Answer % Correct
Apple
100%
Facebook
97%
Google Chrome
93%
Youtube
90%
Tiktok
89%
Ferrari
86%
Audi
82%
Mercedes-Benz
74%
VolksWagen
64%
Fc Barça
60%
LinkedIn
55%
Louis Vuitton
50%
Fc Real Madrid
46%
Maserati
35%
Citroën
22%
Dunlop
21%
No matching quizzes found
Score Distribution
Percent of People with Each Score
Percentile by Number Answered
Your Score History
You have not taken this quiz